| Tag |
First Indicator |
Second Indicator |
Subfields |
| LEADER |
00000cam a22000008a 4500 |
| 001 |
in00001652425 |
| 005 |
20151023123953.0 |
| 008 |
011109s2002 dcu 000 0 eng |
| 010 |
|
|
|a 2001055652
|
| 020 |
|
|
|a 0295982314
|
| 020 |
|
|
|a 0295982322 (pbk.)
|
| 035 |
|
|
|a (OCoLC)ocm48508747
|
| 040 |
|
|
|a DLC
|c DLC
|d UtOrBLW
|
| 043 |
|
|
|a n-us-dc
|
| 049 |
|
|
|a TXAM
|
| 050 |
0 |
0 |
|a Z733.F6632
|b I54 2002
|
| 082 |
0 |
0 |
|a 027.753
|2 21
|
| 245 |
0 |
0 |
|a Infinite variety :
|b exploring the Folger Shakespeare Library /
|c edited by Esther Ferington.
|
| 263 |
|
|
|a 0204
|
| 264 |
|
1 |
|a Washington, DC :
|b Folger Shakespeare Library ;
|c 2002.
|
| 264 |
|
2 |
|a Seattle :
|b Distributed by University of Washington Press,
|
| 300 |
|
|
|a 220 pages :
|b illustrations (chiefly color), color maps, music ;
|c 21 x 28 cm.
|
| 336 |
|
|
|a text
|b txt
|2 rdacontent
|
| 337 |
|
|
|a unmediated
|b n
|2 rdamedia
|
| 338 |
|
|
|a volume
|b nc
|2 rdacarrier
|
| 610 |
2 |
0 |
|a Folger Shakespeare Library.
|
| 600 |
1 |
0 |
|a Shakespeare, William,
|d 1564-1616
|x Library resources.
|
| 650 |
|
0 |
|a Library resources
|z Washington (D.C.)
|
| 700 |
1 |
|
|a Ferington, Esther.
|
| 994 |
|
|
|a E0
|b TXA
|
| 948 |
|
|
|a cataloged
|b h
|c 2002/6/25
|d c
|e bwalker
|f 9:09:46 am
|
| 949 |
|
|
|a updated-unicode data
|b h
|c 2005/10/4
|e jferguson
|
| 999 |
|
|
|a MARS
|
| 999 |
f |
f |
|s ad2d9a3c-3d22-3b65-9e8b-b00c814f9477
|i f76f9fba-59ae-3f18-9b0e-617cac0c7a40
|t 0
|
| 952 |
f |
f |
|p ric
|a Texas A&M University
|b Rellis Campus
|c Joint Library Facility
|d Remote Storage
|t 0
|e Z733.F6632 I54 2002
|h Library of Congress classification
|i unmediated -- volume
|m A14829182753
|
| 998 |
f |
f |
|a Z733.F6632 I54 2002
|t 0
|l Remote Storage
|